Cliquez sur la bonne traduction en allemand - Les métiers - Statistiques

Statistiques générales
  • Ce quiz a été pris 129 fois
  • Le résultat moyen est 14 sur 19
Statistiques - réponses
Hint Réponse % Correct
Chirurgien Chirurg
96%
Professeur Professor
96%
Garagiste Garagist
88%
Policier Polizist
88%
Journaliste Journalist
87%
Notaire Notar
87%
Boulanger Bäcker
82%
Secrétaire Sekretär
82%
Pompier Feuerwehrmann
76%
Coiffeur Friseur
76%
Vendeur Verkäufer
70%
Cuisinier Koch
69%
Ouvrier Fabrikarbeiter
66%
Comptable Buchhalter
57%
Plombier Klempner
57%
Serveur Kellner
53%
Maçon Maurer
51%
Avocat Rechtsanwalt
51%
Agriculteur Bauer
48%
Aucun quiz correspondant
Distribution des résultats
% des personnes avec chaque résultat
Percentile par nombre de réponses
Votre historique - résultats
Vous n’avez pas pris ce quiz